000 00498nam a2200181 i 4500
001 45635
003 ES-MaACL
005 20250822063117.0
007 t|
008 030326s1966 sp f ||||1| spa d
080 _a946.733 Alcoy
100 1 _aColoma Payá, Rafael
_9156348
245 1 0 _aLecturas alcoyanas /
_cRafael Coloma.
260 _aAlcoy :
_b[s.n.],
_c1966 (
_fImp. La Victoria)
300 _a176 p., 4 lám. ;
_c20 cm.
852 _aES-MaACL
_jC-50536
999 _c45635
_d45635